000 00548nam a2200229Ia 4500
003 OSt
005 20221005123028.0
006 a|||||r|||| 00| 0
007 ta
008 221004b |||||||| |||| 00| 0 per d
024 _a65242
037 _cTextual
040 _aCRL
_cCRL
_bper
041 _2per
_aper
082 _az, 164F3
100 _aShirazi Faqeer Au.
_9198512
245 0 _aKhairabat
260 _c1923
650 _aGENERALIA
942 _hz, 164F3
_cTEXL
_2cc
999 _c1046179
_d1046179